Eintracht Frankfurt Current Squad (24/25) - Statistics

General Stats
  • This quiz has been taken 45 times
    42 since last reset
  • The average score is 21 of 28
Answer Stats
Answer % Correct
Kevin Trapp
100%
Robin Koch
97%
Tuta
97%
Arthur Theate
94%
Kauã Santos
94%
Jens Grahl
85%
Nnamdi Collins
85%
Rasmus Kristensen
85%
Can Uzun
82%
Hugo Larsson
82%
Nathaniel Brown
82%
Hugo Ekitiké
79%
Mario Götze
79%
Ansgar Knauff
76%
Elye Wahi
76%
Farès Chaïbi
76%
Mahmoud Dahoud
74%
Aurèle Amenda
71%
Ellyes Skhiri
71%
Igor Matanovic
71%
Dino Toppmöller
68%
Oscar Højlund
68%
Timothy Chandler
68%
Jean-Mattéo Bahoya
62%
Michy Batshuayi
59%
Junior Dina Ebimbe
56%
Krisztián Lisztes
44%
Niels Nkounkou
32%
No matching quizzes found
Score Distribution
Percent of People with Each Score
Percentile by Number Answered
Your Score History
You have not taken this quiz since the last reset